000 nam a22 7a 4500
999 _c9660
_d9660
008 180206b ||||| |||| 00| 0 eng d
100 _aPant,R.etal.
_95781
245 _aModern Trend In Communicative English-8
260 _aNew Delhi
_bAngel
_c2007